[Event "AUTO-OPEN-3523"]
[Site "http://www.queenalice.com/game.php?id=1376226"]
[Date "2015.8.8"]
[Round "1"]
[White "jalhallib"]
[Black "Abal"]
[Result "1/2-1/2"]
[WhiteElo "1837"]
[BlackElo "1883"]

1. b3 e5 2. e4 Nf6 3. d3 Nc6 4. Bb2 Bc5 5. h3 d6 6. Nf3 h6 7. Be2 O-O 8. O-O Nh5
9. d4 exd4 10. Nxd4 Nf4 11. Nxc6 Nxe2+ 12. Qxe2 bxc6 13. c4 Re8 14. Nd2 Qg5 15.
Nf3 Qg6 16. Nh4 Qxe4 17. Qxe4 Rxe4 18. Nf3 Bf5 19. Rfe1 Rae8 20. Rxe4 Rxe4 21.
Re1 f6 22. Rxe4 Bxe4 23. Nd4 Bxd4 24. Bxd4 c5 25. Be3 Bb1 26. a3 a5 27. b4 cxb4
28. axb4 axb4 29. Bd4 Kf7 30. c5 dxc5 31. Bxc5 b3 32. Ba3 Bc2 33. g3 c5 34. Bb2
c4 35. f4 Ke6 36. Kf2 Kd5 37. Ke3 h5 38. h4 Be4 39. Bd4 Bg2 40. Bc3 Bf1 41. Kf2
Bd3 42. Ke3 Ke6 43. Kf3 Kf5 44. Bb2 g5 45. fxg5 Be4+ 46. Kf2 fxg5 47. hxg5 Kxg5
48. Ke3 Bf5 49. Be5 Kg4 50. Kf2 1/2-1/2

[Event "AUTO-OPEN-3523"]
[Site "http://www.queenalice.com/game.php?id=1376227"]
[Date "2015.8.8"]
[Round "1"]
[White "Abal"]
[Black "jalhallib"]
[Result "1/2-1/2"]
[WhiteElo "1827"]
[BlackElo "1870"]

1. e4 c6 2. d3 d5 3. Nd2 dxe4 4. Nxe4 e6 5. Nf3 h6 6. Be3 Be7 7. d4 Nf6 8. Bd3
Nxe4 9. Bxe4 Nd7 10. O-O Nf6 11. Bd3 O-O 12. Qd2 a5 13. Ne5 Nh7 14. c3 Bf6 15.
Qc2 Ng5 16. f4 Bxe5 17. fxg5 hxg5 18. Bh7+ Kh8 19. dxe5 g6 20. Bxg6 fxg6 21.
Qxg6 Rxf1+ 22. Rxf1 Bd7 23. Qf6+ Qxf6 24. exf6 Rf8 25. Bxg5 Kh7 26. h4 Kg6 27.
Be3 Rxf6 28. a4 Rxf1+ 29. Kxf1 e5 30. Kf2 e4 31. Bb6 Be6 32. Bxa5 Bb3 33. Bb6
Bxa4 34. g4 Bb3 35. Ke3 Bd5 36. Kf4 Kf6 37. h5 Kg7 38. g5 Bf7 39. h6+ Kg6 40.
Kxe4 Bg8 41. Be3 Bd5+ 42. Ke5 b5 43. Kd4 Ba2 44. Kc5 Bd5 45. Kb4 Kh7 46. Bd2
1/2-1/2

[Event "AUTO-OPEN-3523"]
[Site "http://www.queenalice.com/game.php?id=1376258"]
[Date "2015.8.8"]
[Round "1"]
[White "Abal"]
[Black "Black_bishop"]
[Result "1-0"]
[WhiteElo "1707"]
[BlackElo "1921"]

1. e4 c6 2. d3 d5 3. Qf3 dxe4 4. dxe4 e6 5. Nc3 Bb4 6. Bd2 Bxc3 7. Bxc3 Nf6 8.
e5 Nd5 9. O-O-O O-O 10. Nh3 h6 11. Nf4 Qg5 12. Bd2 Qxe5 13. Re1 Qc7 14. g4 Nxf4
15. Bxf4 Qa5 16. Bc4 Nd7 17. g5 hxg5 18. Bd6 Re8 19. Qh5 Qf5 20. Rhg1 Nf6 21.
Qxg5 Qxg5+ 22. Rxg5 g6 23. h4 b5 24. Bd3 Kh7 25. Rh1 Kg7 26. Be5 Rh8 27. h5 Bd7
28. Rhg1 Rh6 29. hxg6 fxg6 30. Bxg6 Rxg6 31. Rxg6+ Kf7 32. Rg7+ Kf8 33. Bxf6 Be8
34. Be7# 1-0

[Event "AUTO-OPEN-3523"]
[Site "http://www.queenalice.com/game.php?id=1376259"]
[Date "2015.8.8"]
[Round "1"]
[White "Black_bishop"]
[Black "Abal"]
[Result "1/2-1/2"]
[WhiteElo "1934"]
[BlackElo "1810"]

1. Nf3 Nf6 2. d4 g6 3. g3 Bg7 4. Bg2 O-O 5. c3 d5 6. O-O Nc6 7. Re1 Re8 8. h3
Be6 9. Nbd2 Qd7 10. Kh2 h6 11. e4 g5 12. e5 Ne4 13. Nxe4 dxe4 14. Rxe4 f5 15.
exf6 exf6 16. Re1 Bd5 17. Rxe8+ Rxe8 18. Be3 Ne7 19. Nd2 Nf5 20. Bxd5+ Qxd5 21.
Qf3 Qxf3 22. Nxf3 Nxe3 23. fxe3 Rxe3 24. Kg2 Re2+ 25. Kf1 Rxb2 26. c4 f5 27. Ne5
Kf8 28. Re1 Rxa2 29. Nd7+ Kf7 30. d5 Rc2 31. c5 Bd4 32. Re6 Rf2+ 33. Ke1 Rb2 34.
Rxh6 a5 35. d6 cxd6 36. cxd6 a4 37. Nb8 a3 38. d7 a2 39. Rh7+ Kg8 40. d8=Q+ Kxh7
41. Qd7+ Bg7 42. Qxf5+ Kh6 43. Qe6+ Kh7 1/2-1/2

[Event "AUTO-INT-3042"]
[Site "http://www.queenalice.com/game.php?id=1378893"]
[Date "2015.8.21"]
[Round "1"]
[White "Abal"]
[Black "Felipe_Carvalho"]
[Result "0-1"]
[WhiteElo "1762"]
[BlackElo "1632"]

1. e4 Nf6 2. e5 Ne4 3. Nf3 d5 4. d3 Nc5 5. Nc3 Bg4 6. h3 Bh5 7. g4 Bg6 8. Nh4 e6
9. Nxg6 hxg6 10. Bg2 Ncd7 11. Bd2 Nxe5 12. Qe2 Nbd7 13. f4 Nc6 0-1

[Event "AUTO-INT-3042"]
[Site "http://www.queenalice.com/game.php?id=1378894"]
[Date "2015.8.21"]
[Round "1"]
[White "Felipe_Carvalho"]
[Black "Abal"]
[Result "1-0"]
[WhiteElo "1653"]
[BlackElo "1740"]

1. e4 e5 2. f4 exf4 3. Nf3 Nc6 4. d4 Bb4+ 5. c3 Ba5 6. Bxf4 d6 7. Bd3 Nf6 8.
Nbd2 O-O 9. Qc2 Re8 10. O-O-O Ng4 11. Rdf1 Qf6 12. Bg5 1-0